| 000 | 00822nam a2200277 a 4500 | ||
|---|---|---|---|
| 008 | |||
| 020 | _a0071004068 (pbk.) | ||
| 049 | _aMAIN | ||
| 090 | _aTA405 | ||
| 100 | 1 | _aDieter, George Ellwood. | |
| 245 | 1 | 0 |
_aMechanical metallurgy / _cGeorge E. Dieter. |
| 250 | _aSI metric ed. | ||
| 260 |
_aLondon : _bMcGraw-Hill, _cc1988. |
||
| 300 |
_axxiii, 751 p. : _bill. ; _c24 cm. |
||
| 440 | 0 | _aMcGraw-Hill series in materials science and engineering. | |
| 504 | _aIncludes bibliographical references. | ||
| 500 | _aIncludes index. | ||
| 650 | 0 | _aStrength of materials. | |
| 650 | 0 | _aPhysical metallurgy. | |
| 700 | 1 | _aBacon, D. J. | |
| 907 |
_a.b10065751 _b06-09-05 _c17-04-03 |
||
| 003 | |||
| 005 | 20230123133544.0 | ||
| 040 | _cNUST | ||
| 942 |
_cBOOKS _kTA405 |
||
| 999 |
_c150646 _d150646 |
||